Agricultura Chilena: características sociales de los productos según tipología, sexo y localización geográfica

Gardado en:
Detalles Bibliográficos
Main Authors: Apey Guzmán, Alfredo (Author), Tapia C., Bernabé (Author), Ramírez C., José (Author), Muñoz Q., Alejandro (Author), Guevara C., Gabriela (Author), Muñoz G., Leonardo (Author)
Formato: Libro
Idioma:Lingua castelá
Publicado: Santiago Ministerio de Agricultura 2005
Subjects:
Tags: Engadir etiqueta
Sen Etiquetas, Sexa o primeiro en etiquetar este rexistro!

MARC

LEADER 00000nam a2200000 a 4500
001 UCK8007
003 CL-VaPUC
008 060105e20050000CL |||||||||||||||||spa|d
082 0 4 |a 630.983  |b APE  |2 21 
100 |a Apey Guzmán, Alfredo  |e author  |9 596987 
700 0 |a Tapia C., Bernabé  |e author  |9 497782 
700 0 |a Ramírez C., José  |e author  |9 497783 
700 0 |a Muñoz Q., Alejandro  |e author  |9 497784 
700 0 |a Guevara C., Gabriela  |e author  |9 497785 
700 0 |a Muñoz G., Leonardo   |e author  |9 497786 
245 1 0 |a Agricultura Chilena: características sociales de los productos según tipología, sexo y localización geográfica 
300 |a 109 p 
942 |c BK 
945 |d 20060105 00:00:00  |a jtorresc 
260 |a Santiago  |b Ministerio de Agricultura  |c 2005 
500 |a Incluye un CD-ROM 
500 |a Análisis a partir del VI Censo Nacional Agropecuario, 1997 
650 0 |a Agricultura chilena   |9 405541 
650 7 |a PRODUCTORES AGRICOLAS  |2 CL-VaPUC  |9 497787 
650 7 |a TIPOLOGIA  |2 CL-VaPUC  |9 383189 
650 0 |a Sexo  |9 257818 
651 7 |a CHILE  |2 CL-VaPUC  |9 497788 
583 |a last modification  |c 20060105 00:00:00  |k Rodrigo Vera 
999 |c 315844  |d 315842 
952 |0 0  |1 0  |4 0  |6 630_983000000000000_APE_2005  |7 0  |8 A  |9 389649  |a BIBAGR  |b BIBAGR  |d 2019-11-22  |i 4198182  |o 630.983 APE 2005  |p 4198182  |r 2025-01-20  |w 2019-11-22  |y BK  |k AGR